000 00683nam a2200193Ia 4500
003 GCL
008 140319s9999 xx 000 0 ara d
040 _aGCL /
_cGCL
082 0 4 _a491.7
_bن ت
100 1 _aنزار محمد النداف
245 1 0 _aتعليم الروسية للجميع :
_bمحادثة - تعابير - مصطلحات /
_cنزار محمد النداف
250 _aالاولى
260 _aسوريا :
_bدار القلم العربى ،
_c1999
300 _a240 ص ؛
_c19 سم
490 _aاللغات للجميع
_v0
650 0 4 _aاللغة الروسية
650 0 4 _aاللغة الروسية - تعليم وتدريس
942 _2ddc
_cBK
999 _c10082
_d10082